UM Logo

The irony of democracy : (Record no. 8244)

MARC details
000 -LEADER
fixed length control field 00753nam a2200193 4500
008 - FIXED-LENGTH DATA ELEMENTS--GENERAL INFORMATION
fixed length control field 180105b xxu||||| |||| 00| 0 eng d
020 ## - INTERNATIONAL STANDARD BOOK NUMBER
International Standard Book Number 0534067263
082 ## - DEWEY DECIMAL CLASSIFICATION NUMBER
Edition number 1987
Classification number DC 306.20973
Item number D98
100 ## - MAIN ENTRY--PERSONAL NAME
9 (RLIN) 25505
Personal name Dye, Thomas R., author.
245 ## - TITLE STATEMENT
Title The irony of democracy :
Remainder of title an uncommon introduction to American politics /
Statement of responsibility, etc. Thomas R. Dye, L. Harmon Zeigler.
250 ## - EDITION STATEMENT
Edition statement Seventh edition.
260 ## - PUBLICATION, DISTRIBUTION, ETC. (IMPRINT)
Place of publication, distribution, etc. Monterey, Calif. :
Name of publisher, distributor, etc. Brooks/Cole,
Date of publication, distribution, etc. ©1987.
300 ## - PHYSICAL DESCRIPTION
Extent xviii, 506 pages :
Other physical details illuustrations ;
Dimensions 24 cm.
500 ## - GENERAL NOTE
General note Includes bibliographies and index.
650 #0 - SUBJECT ADDED ENTRY--TOPICAL TERM
9 (RLIN) 25506
Topical term or geographic name as entry element United States
General subdivision Politics and government
650 #0 - SUBJECT ADDED ENTRY--TOPICAL TERM
9 (RLIN) 25507
Topical term or geographic name as entry element Elite (Social sciences)
Geographic subdivision United States
700 ## - ADDED ENTRY--PERSONAL NAME
9 (RLIN) 25508
Personal name Zeigler, Harmon, author.
942 ## - ADDED ENTRY ELEMENTS (KOHA)
Source of classification or shelving scheme Dewey Decimal Classification
Koha item type Circulation
Holdings
Withdrawn status Lost status Source of classification or shelving scheme Damaged status Not for loan Collection code Home library Current library Date acquired Source of acquisition Total Checkouts Full call number Barcode Date last seen Copy number Price effective from Koha item type
    Dewey Decimal Classification     Circulation UM Digos College - LIC UM Digos College - LIC 02/27/1994 Purchased   DC 306.20973 D98 1987 11275 05/15/2025 1 01/05/2018 Circulation